| 000 | 00736nam a22001937a 4500 | ||
|---|---|---|---|
| 999 |
_c16535 _d16535 |
||
| 005 | 20200615102530.0 | ||
| 008 | 181203b ||||| |||| 00| 0 eng d | ||
| 020 | _a9780618000364 | ||
| 040 | _cPK-IsLIS | ||
| 082 |
_a428.2 _bW8461 |
||
| 100 | _aWong, Linda | ||
| 245 |
_a Sentence essentials : a grammar guide _c/ Linda Wong |
||
| 260 |
_aUSA : _bWadsworth Cengage Learning, _c1998 |
||
| 300 | _axxv, 383 p. | ||
| 650 | _aEnglish language--Grammar | ||
| 650 | _aEnglish language--Sentences | ||
| 942 | _cBK | ||
| 505 | 0 | _aan introduction to the writing process; nouns; prepositions; subjects and verbs in simple sentences; verb forms; pronouns and pronoun agreement; modifiers; compound sentences; complex sentences | |